00893nam a2200265Ia 4500008004100000020001500041040001800056041000800074060001100082100002800093245016100121250001200282260005300294300001800347490003600365504002800401650002500429650002000454650002300474650002700497650001600524700002800540700003200568710002700600130821s2007 sp gr spa  a8480193344 aCo-BoUCMbspa00aspa aQT 2551 aFernández Delgado, M.00aEntrenamiento físico-deportivo y alimentación de la infancia a la edad adultacA. Gutiérrez Saínz y M.J. Castillo Garzón y M. Fernández Delgado a3a. Ed. aBarcelona (España)bEditorial Paidotriboc2007 a268 páginas aColección Nutrición y Salud aIncluye bibgliografía04aEducación física04aEstado físico04aMedicina deportiva04aNutrición de atletas04aNutrición1 aCastillo Garzón, M.J.1 aGutiérrez Fernández, A.1 aUniversidad de Granada